Catálogo

Algunas investigaciones, libros y fuentes documentales para el estudio del Acontecimiento Guadalupano / (Registro nro. 61491)

Detalles MARC
000 -LEADER
fixed length control field 00941cam a2200265 i 4500
001 - CONTROL NUMBER
control field 61491
003 - CONTROL NUMBER IDENTIFIER
control field Mx-PuUPA
005 - DATE AND TIME OF LATEST TRANSACTION
control field 20231024094455.0
008 - FIXED-LENGTH DATA ELEMENTS--GENERAL INFORMATION
fixed length control field 141003s2002 mx grb 000 0 spa d
040 ## - CATALOGING SOURCE
Original cataloging agency Mx-PuUPA
Language of cataloging spa
Transcribing agency Mx-PuUPA
Modifying agency Mx-PuUPA
Description conventions rda
041 0# - LANGUAGE CODE
Language code of text/sound track or separate title spa
100 1# - MAIN ENTRY--PERSONAL NAME
Personal name Chávez Sánchez, Eduardo,
Dates associated with a name 1956-
Relator term autor
9 (RLIN) 277
245 10 - TITLE STATEMENT
Title Algunas investigaciones, libros y fuentes documentales para el estudio del Acontecimiento Guadalupano /
Statement of responsibility, etc. Eduardo Chávez Sánchez
250 ## - EDITION STATEMENT
Edition statement 1a. edición
264 #1 - PRODUCTION, PUBLICATION, DISTRIBUTION, MANUFACTURE, AND COPYRIGHT NOTICE
Place of production, publication, distribution, manufacture México, D.F. :
Name of producer, publisher, distributor, manufacturer Ángel Servin Impresores,
Date of production, publication, distribution, manufacture, or copyright notice ©2002
300 ## - PHYSICAL DESCRIPTION
Extent 359 páginas ;
Dimensions 23 cm
336 ## - CONTENT TYPE
Content type term texto
Fuente rdacontent
Content type code txt
337 ## - MEDIA TYPE
Media type term sin medio
Source rdamedia
Media type code n
338 ## - CARRIER TYPE
Carrier type term volumen
Source rdacarrier
Carrier type code nc
600 #4 - SUBJECT ADDED ENTRY--PERSONAL NAME
Personal name Virgen María
Form subdivision Bibliografías
650 #7 - SUBJECT ADDED ENTRY--TOPICAL TERM
Topical term or geographic name entry element Apariciones y milagros
Geographic subdivision México
Source of heading or term armarc
942 ## - ADDED ENTRY ELEMENTS (KOHA)
Source of classification or shelving scheme Dewey Decimal Classification
Koha item type Libro
Classification part 232.9170972
Item part C426
Existencias
Withdrawn status Lost status Source of classification or shelving scheme Damaged status Not for loan Collection code Home library Current library Shelving location Date acquired Source of acquisition Total Checkouts Full call number Barcode Date last seen Price effective from Koha item type
    Dewey Decimal Classification     General Centro de Estudios Guadalupanos Centro de Estudios Guadalupanos Sala general 03/10/2014 Compra   232.9170972 C426 2002 92643 05/01/2026 10/10/2014 Libro